| 000 | 00507nam a22001577a 4500 | ||
|---|---|---|---|
| 020 | _a978-93-89048-95-7 | ||
| 082 |
_a510 _bGOE/M |
||
| 100 | _aS.K.GOEL | ||
| 245 |
_aTOGETHER WITH MATHEMATICS _bCLASS IX |
||
| 250 | _aLATEST REVISED EDITION 2019 | ||
| 260 |
_aDELHI _bRACHNA SAGAR _c2019 |
||
| 300 | _a540 | ||
| 520 | _aCHAPTERWISE TERMS AND CONCEPTS, SOLVED QUESTION BANK, HOTS MCQ, NCERT EXERCISES, SUBJECT ENRICHMENT ACTIVITIES, PRACTCE PAPERS | ||
| 650 |
_aMATHEMATICS FOR CLASS IX _zINDIA |
||
| 942 | _cBK | ||
| 999 |
_c1079 _d1079 |
||